000
00363nam a2200169Ia 4500
005
20250603145815.0
008
250603s9999 xx 000 0 und d
020
_a
9789780886103
050
_a
KP 84.5 .N5/
245
0
_a
Tax law in Nigeria
260
_a
Abuja
260
_b
Princeton
260
_c
2013
300
_a
719 p
650
_a
Abuja
942
_c
BK
999
_c
42915
_d
42915